| 000 | 00616nam a2200205 a 4500 | ||
|---|---|---|---|
| 001 | 3192 | ||
| 003 | CDMR | ||
| 005 | 20130515103422.0 | ||
| 008 | 130130s1996||||||||||||||||||||||||||||d | ||
| 020 | _a8489644012 | ||
| 040 |
_aCDMR _bcat _cCDMR |
||
| 100 | 1 |
_9417 _aGuillamet, Jaume |
|
| 245 | 1 | 0 |
_aPremsa, franquisme i autonomia _b: crònica catalana de mig segle llarg : 1939-1995 _cJaume Guillamet |
| 260 |
_a[Barcelona] _c1996 _bFlor del vent |
||
| 300 |
_a242p ; _c23 cm |
||
| 650 | 0 | 4 |
_93312 _aFranquisme |
| 650 | 0 | 4 |
_93379 _aNacionalisme _zCatalunya |
| 650 | 0 | 4 |
_91524 _aPremsa _xHistòria _zCatalunya |
| 942 |
_cMON _2udc |
||
| 999 |
_c3192 _d3192 |
||